00405nam a2200133Ia 4500008004100000020001600041100002000057245003200077260003300109300001000142942001700152952008700169999001500256250515s9999 xx 000 0 und d a0 749395435 aFerdinand Mount 0aUmbrella: A Pacific of Tale aLondon bGreat Britainc1994 a214p. iMOUcAD6MOU 92336aKFPLbKFPLcENGd2025-05-15l0oMOUpKL-2024-000166r2025-05-15 14:01:06yAD c1899d1899